|
|
|
|
| LEADER |
00000nam a2200000 a 4500 |
| 001 |
UCW4802 |
| 003 |
CL-VaPUC |
| 008 |
900820e19890000CL |||||||||||||||||spa|d |
| 082 |
0 |
4 |
|a 379.83
|b COX
|2 21
|
| 100 |
|
|
|a Cox D., Cristián
|e author
|9 572370
|
| 245 |
1 |
0 |
|a Sistema político y educación en los 80: medidas propuestas y silencios
|
| 300 |
|
|
|a 47 p
|
| 942 |
|
|
|c BK
|
| 945 |
|
|
|d 19900820 00:00:00
|
| 260 |
|
|
|a Santiago
|b CIDE
|c 1989
|
| 650 |
|
0 |
|a Política educacional
|9 308011
|
| 651 |
|
7 |
|a CHILE
|2 CL-VaPUC
|9 309613
|
| 583 |
|
|
|a last modification
|c 19900820 00:00:00
|k Rodrigo Vera
|
| 999 |
|
|
|c 218417
|d 218415
|
| 952 |
|
|
|0 0
|1 0
|4 0
|6 379_830000000000000_COX_1989
|7 0
|8 P
|9 207949
|a BIBEDU
|b BIBEDU
|c BIBEDU_PB
|d 2019-11-15
|i 2757990
|o 379.83 COX 1989
|p 2757990
|r 2024-01-25
|w 2019-11-15
|y BK
|k EDU
|
| 952 |
|
|
|0 0
|1 0
|4 0
|6 379_830000000000000_COX_1989
|7 0
|8 P
|9 207950
|a BIBEDU
|b BIBEDU
|c BIBEDU_PB
|d 2019-11-15
|i 2758008
|o 379.83 COX 1989
|p 2758008
|r 2024-01-25
|w 2019-11-15
|y BK
|k EDU
|
| 952 |
|
|
|0 0
|1 0
|4 0
|6 379_830000000000000_COX_1989
|7 0
|8 P
|9 207951
|a BIBEDU
|b BIBEDU
|c BIBEDU_PB
|d 2019-11-15
|i 3224953
|o 379.83 COX 1989
|p 3224953
|r 2024-01-25
|w 2019-11-15
|y BK
|k EDU
|